000 00498cam a22001934a 4500
005 20250605164301.0
008 250528s ||||||||||||||||||||||||d
035 _a22086
020 _a9781847870322
040 _aGR-AtMCL
_bgre
_dGR-AtMCL
_eAACR2
245 1 _aUNDERSTANDING CHILDREN'S BOOKS / A GUIDE FOR EDUCATION PROFESSIONALS
250 _a1
260 _bSage Publications,
_c2008
300 _a130
700 1 _aGoodwin Prue
_97962
942 _cBK
999 _c7142
_d7142